[Event "Hessen-chA"]
[Site "Frankfurt"]
[Date "2019.06.02"]
[Round "7"]
[White "Dietze, Frank Heinz"]
[Black "Diez, Gerhard"]
[Result "0-1"]
[WhiteElo "2112"]
[BlackElo "1983"]
[PlyCount "96"]
[EventDate "2019.05.30"]
[EventType "swiss"]
[EventRounds "7"]
[EventCountry "GER"]
[SourceTitle "EXT 2020"]
[Source "ChessBase"]
[SourceDate "2019.10.17"]
[SourceVersion "1"]
[SourceVersionDate "2019.10.17"]
[SourceQuality "1"]

1. d4 Nf6 2. c4 e6 3. Nf3 a6 4. a3 d5 5. cxd5 exd5 6. Bg5 Be7 7. Nc3 0-0 8. Qb3 c6 9. e3 Nbd7 10. Bd3 h6 11. Bh4 Ne4 12. Bxe7 Qxe7 13. 0-0 Ndf6 14. Qc2 Nd6 15. Na4 Qc7 16. Rac1 Be6 17. Nc5 Rae8 18. Ne5 Bc8 19. b4 Ng4 20. Nf3 f5 21. h3 Nf6 22. Ne5 Nfe4 23. Rfe1 Qd8 24. f3 Ng5 25. Qd2 Rf6 26. a4 Ndf7 27. f4 Ne4 28. Qa2 g5 29. b5 axb5 30. axb5 Nxc5 31. Rxc5 gxf4 32. exf4 Nxe5 33. fxe5 Rg6 34. Qf2 Qg5 35. bxc6 bxc6 36. Rb1 Kh8 37. Kh2 Reg8 38. Rb2 Bd7 39. Rcc2 R6g7 40. Re2 Be6 41. Rbc2 Qh5 42. Re3 f4 43. Rf3 Rg3 44. Bf1 Bxh3 45. Kg1 Rxf3 46. Qe1 Be6 47. Rxc6 Rxf1+ 48. Qxf1 f3 0-1

[Event "Hessenliga 1819"]
[Site "Hessen"]
[Date "2019.02.03"]
[Round "5.8"]
[White "Diez, Gerhard"]
[Black "Hohlbein, Jens"]
[Result "1/2-1/2"]
[WhiteElo "1984"]
[BlackElo "1987"]
[PlyCount "76"]
[EventDate "2018.09.23"]
[EventType "team-tourn"]
[EventRounds "9"]
[EventCountry "GER"]
[SourceTitle "EXT 2020"]
[Source "ChessBase"]
[SourceDate "2019.10.17"]
[SourceVersion "1"]
[SourceVersionDate "2019.10.17"]
[SourceQuality "1"]
[WhiteTeam "Bad Nauheim"]
[BlackTeam "Kassel"]
[WhiteTeamCountry "GER"]
[BlackTeamCountry "GER"]

1. e4 e5 2. Nf3 Nc6 3. Bb5 d6 4. d4 exd4 5. Qxd4 Bd7 6. Bxc6 Bxc6 7. Nc3 Nf6 8. Bg5 Be7 9. 0-0-0 0-0 10. Rhe1 Ng4 11. Bxe7 Qxe7 12. Nd5 Bxd5 13. exd5 Qd7 14. h3 Nf6 15. g4 a5 16. Nh4 Rfe8 17. Nf5 Rxe1 18. Rxe1 Re8 19. Re3 Rxe3 20. fxe3 Qe8 21. c4 b6 22. b3 Qe4 23. Qxe4 Nxe4 24. h4 Kf8 25. Kc2 g6 26. Nd4 Ke7 27. a3 h6 28. b4 axb4 29. axb4 Nf6 30. g5 hxg5 31. hxg5 Ng4 32. Kd2 Ne5 33. Kc3 Kd7 34. e4 Ng4 35. Nf3 Ke7 36. Kd4 f6 37. c5 bxc5+ 38. bxc5 fxg5 1/2-1/2

[Event "Hessenliga 1819"]
[Site "Hessen"]
[Date "2018.12.09"]
[Round "4.6"]
[White "Kersten, Uwe"]
[Black "Diez, Gerhard"]
[Result "1-0"]
[WhiteElo "2233"]
[BlackElo "1984"]
[PlyCount "61"]
[EventDate "2018.09.23"]
[EventType "team-tourn"]
[EventRounds "9"]
[EventCountry "GER"]
[SourceTitle "EXT 2020"]
[Source "ChessBase"]
[SourceDate "2019.10.17"]
[SourceVersion "1"]
[SourceVersionDate "2019.10.17"]
[SourceQuality "1"]
[WhiteTeam "Bad Emstal/Wolfhagen"]
[BlackTeam "Bad Nauheim"]
[WhiteTeamCountry "GER"]
[BlackTeamCountry "GER"]

1. d4 Nf6 2. Bg5 c5 3. d5 d6 4. Nc3 Nbd7 5. e4 g6 6. Nf3 Bg7 7. a4 0-0 8. Be2 Ne8 9. 0-0 h6 10. Bh4 Ne5 11. Nd2 g5 12. Bg3 Ng6 13. Nc4 Nf4 14. Bg4 Bxg4 15. Qxg4 Nf6 16. Qf3 N6h5 17. Rfe1 e5 18. Bxf4 Nxf4 19. Nb5 f5 20. exf5 Rxf5 21. Nbxd6 Rf8 22. Rad1 Qd7 23. Nb5 Rae8 24. Nc3 Ng6 25. Qe4 Nh4 26. d6 Kh8 27. Qd5 Rf5 28. Ne4 Ref8 29. Nxc5 Qe8 30. d7 Qd8 31. Ne6 1-0

[Event "Heusenstamm Sparkassen op-A 5th"]
[Site "Heusenstamm"]
[Date "2018.11.25"]
[Round "7"]
[White "Hinrichs, Hans Uwe"]
[Black "Diez, Gerhard"]
[Result "1-0"]
[WhiteElo "2075"]
[BlackElo "1984"]
[PlyCount "114"]
[EventDate "2018.11.22"]
[EventType "swiss"]
[EventRounds "7"]
[EventCountry "GER"]
[SourceTitle "CBM 188 Extra"]
[Source "ChessBase"]
[SourceDate "2019.02.26"]
[SourceVersion "1"]
[SourceVersionDate "2019.02.26"]
[SourceQuality "1"]

1. e4 c5 2. Nc3 a6 3. g3 Nc6 4. Bg2 d6 5. d3 g6 6. Nh3 Bg7 7. 0-0 Nf6 8. f3 b5 9. Be3 Rb8 10. Qd2 h6 11. Nf2 Nd4 12. h3 Be6 13. f4 b4 14. Ncd1 Bd7 15. g4 e5 16. c3 bxc3 17. bxc3 Ne6 18. f5 Ng5 19. h4 Ngh7 20. Bxh6 Bxh6 21. Qxh6 Ng8 22. Qg7 Qf6 23. Qxf6 Nhxf6 24. Kh2 Rxh4+ 25. Kg3 g5 26. Ne3 Ke7 27. Rfb1 Rxb1 28. Rxb1 Bc8 29. Nh3 Rh7 30. Nxg5 Rg7 31. Nh3 Nh7 32. Nd5+ Kd8 33. Rb6 Kd7 34. a4 f6 35. Bf1 Ne7 36. Nxe7 Rxe7 37. a5 Kc7 38. Be2 Bb7 39. c4 Re8 40. Bd1 Rg8 41. Ba4 Rd8 42. Rb2 Bc8 43. Rh2 Rg8 44. Nf2 Rg7 45. Rh6 Bd7 46. Bxd7 Kxd7 47. Rh1 Kc7 48. Rb1 Rg8 49. Rb6 Ra8 50. Nd1 Rb8 51. Nc3 Rxb6 52. Nd5+ Kd7 53. Nxb6+ Kd8 54. Nd5 Ke8 55. Kh4 Kf7 56. Nc7 Ke7 57. Ne6 Nf8 1-0

[Event "Heusenstamm Sparkassen op-A 5th"]
[Site "Heusenstamm"]
[Date "2018.11.24"]
[Round "5"]
[White "Hess, Steffen"]
[Black "Diez, Gerhard"]
[Result "1-0"]
[WhiteElo "2092"]
[BlackElo "1984"]
[PlyCount "83"]
[EventDate "2018.11.22"]
[EventType "swiss"]
[EventRounds "7"]
[EventCountry "GER"]
[SourceTitle "CBM 188 Extra"]
[Source "ChessBase"]
[SourceDate "2019.02.26"]
[SourceVersion "1"]
[SourceVersionDate "2019.02.26"]
[SourceQuality "1"]

1. d4 Nf6 2. Nf3 b6 3. e3 c5 4. c3 e6 5. Bd3 Ba6 6. 0-0 Be7 7. Bxa6 Nxa6 8. Qd3 Nc7 9. e4 c4 10. Qxc4 Nxe4 11. Nbd2 Nf6 12. Qe2 0-0 13. Ne4 Nxe4 14. Qxe4 f5 15. Qe2 Bf6 16. Bf4 d6 17. h4 Qd7 18. Bg5 Rae8 19. Rad1 Qc6 20. Rd2 Nd5 21. Re1 b5 22. Qd1 h6 23. Bxf6 Rxf6 24. Nh2 Nf4 25. Qf3 Qxf3 26. Nxf3 g5 27. g3 Nh3+ 28. Kg2 g4 29. Nh2 h5 30. f4 Rff8 31. Rde2 Kf7 32. Nf1 Re7 33. Ne3 Rfe8 34. Nc2 e5 35. dxe5 dxe5 36. Rxe5 Rxe5 37. fxe5 f4 38. Nd4 b4 39. e6+ Kf6 40. cxb4 Rd8 41. Re4 Re8 42. gxf4 1-0

[Event "Heusenstamm Sparkassen op-A 5th"]
[Site "Heusenstamm"]
[Date "2018.11.22"]
[Round "1"]
[White "Andreev, Eduard"]
[Black "Diez, Gerhard"]
[Result "1-0"]
[WhiteElo "2425"]
[BlackElo "1984"]
[PlyCount "61"]
[EventDate "2018.11.22"]
[EventType "swiss"]
[EventRounds "7"]
[EventCountry "GER"]
[SourceTitle "CBM 188 Extra"]
[Source "ChessBase"]
[SourceDate "2019.02.26"]
[SourceVersion "1"]
[SourceVersionDate "2019.02.26"]
[SourceQuality "1"]

1. e4 c5 2. Nf3 a6 3. c3 e6 4. d4 d5 5. e5 Bd7 6. Bd3 Bb5 7. Bc2 a5 8. Be3 Nd7 9. Nbd2 cxd4 10. Nxd4 Ba6 11. f4 g6 12. h4 Ne7 13. h5 Bg7 14. Qg4 Nc6 15. hxg6 hxg6 16. Rxh8+ Bxh8 17. 0-0-0 Nxd4 18. Bxd4 Qe7 19. Bf2 g5 20. Nf3 Be2 21. Rh1 0-0-0 22. Qxg5 f6 23. Qg6 Bxf3 24. gxf3 fxe5 25. f5 Nf8 26. Qg4 Bf6 27. Bb6 Re8 28. Bxa5 exf5 29. Bxf5+ Kb8 30. Qa4 Qf7 31. Bb6 1-0

[Event "Hessenliga 1819"]
[Site "Hessen"]
[Date "2018.11.18"]
[Round "3.4"]
[White "Diez, Gerhard"]
[Black "Rosenberger, Berthold"]
[Result "1/2-1/2"]
[WhiteElo "1984"]
[BlackElo "2243"]
[PlyCount "40"]
[EventDate "2018.09.23"]
[EventType "team-tourn"]
[EventRounds "9"]
[EventCountry "GER"]
[SourceTitle "EXT 2020"]
[Source "ChessBase"]
[SourceDate "2019.10.17"]
[SourceVersion "1"]
[SourceVersionDate "2019.10.17"]
[SourceQuality "1"]
[WhiteTeam "Bad Nauheim"]
[BlackTeam "Dettingen"]
[WhiteTeamCountry "GER"]
[BlackTeamCountry "GER"]

1. e4 c5 2. Nf3 d6 3. d4 cxd4 4. Nxd4 Nf6 5. Nc3 a6 6. h3 e5 7. Nde2 b5 8. g4 Bb7 9. Bg2 b4 10. Nd5 Nxd5 11. exd5 Be7 12. Ng3 g6 13. 0-0 Nd7 14. Be3 a5 15. a3 0-0 16. Bh6 Re8 17. Qd2 Qb6 18. Be3 Qb5 19. Rfd1 bxa3 20. Rxa3 a4 1/2-1/2

[Event "Hessenliga 1819"]
[Site "Hessen"]
[Date "2018.11.04"]
[Round "2.6"]
[White "Vollmar, Rainer"]
[Black "Diez, Gerhard"]
[Result "1/2-1/2"]
[WhiteElo "2124"]
[BlackElo "1984"]
[PlyCount "79"]
[EventDate "2018.09.23"]
[EventType "team-tourn"]
[EventRounds "9"]
[EventCountry "GER"]
[SourceTitle "EXT 2020"]
[Source "ChessBase"]
[SourceDate "2019.10.17"]
[SourceVersion "1"]
[SourceVersionDate "2019.10.17"]
[SourceQuality "1"]
[WhiteTeam "Frankfurt BvK"]
[BlackTeam "Bad Nauheim"]
[WhiteTeamCountry "GER"]
[BlackTeamCountry "GER"]

1. c4 Nf6 2. g3 e5 3. Bg2 d5 4. cxd5 Nxd5 5. Nc3 Nb6 6. Nf3 Nc6 7. 0-0 Be7 8. a3 0-0 9. d3 Re8 10. Be3 Bf8 11. Rc1 Be6 12. Ng5 Bc8 13. Qb3 Be6 14. Nxe6 Rxe6 15. Nd5 Rd6 16. Nxb6 cxb6 17. Qb5 Qe8 18. Rc2 Rad8 19. Rfc1 h6 20. Qa4 Qd7 21. b4 Rf6 22. Rc4 b5 23. Qxb5 a6 24. Qb6 Nd4 25. Bxd4 Rxb6 26. Bxb6 Re8 27. Rc7 Qa4 28. Bd5 Re7 29. Rc8 Re8 30. Rxe8 Qxe8 31. Rc7 Qb5 32. Bxf7+ Kh7 33. Be3 Bd6 34. Bc4 Qa4 35. Rxb7 Qd1+ 36. Kg2 Qxe2 37. Bxa6 e4 38. Rf7 Kg6 39. Bc4 h5 40. Rd7 1/2-1/2

[Event "Main Vogelsberg op 10th"]
[Site "Hanau"]
[Date "2015.05.25"]
[Round "7"]
[White "Saluvar, Buelent"]
[Black "Diez, Gerhard"]
[Result "0-1"]
[WhiteElo "1570"]
[BlackElo "1910"]
[PlyCount "42"]
[EventDate "2015.05.22"]
[EventType "swiss"]
[EventRounds "7"]
[EventCountry "GER"]
[SourceTitle "EXT 2016"]
[Source "ChessBase"]
[SourceDate "2015.10.08"]
[SourceVersion "1"]
[SourceVersionDate "2015.10.08"]
[SourceQuality "1"]

1. d4 Nf6 2. c4 e6 3. Nf3 d5 4. Nc3 c5 5. e3 Nc6 6. Be2 Bd6 7. Nb5 Be7 8. dxc5 Bxc5 9. 0-0 0-0 10. Nbd4 Ne4 11. Nxc6 bxc6 12. Qa4 Qc7 13. Nd4 Bd7 14. cxd5 exd5 15. Bf3 Bd6 16. b4 c5 17. Nb5 Qb8 18. Bxe4 dxe4 19. Rd1 Bxb5 20. Qxb5 Bxh2+ 21. Kh1 Qxb5 0-1

[Event "Main Vogelsberg op 10th"]
[Site "Hanau"]
[Date "2015.05.22"]
[Round "1"]
[White "Urbach, Jens"]
[Black "Diez, Gerhard"]
[Result "0-1"]
[WhiteElo "1496"]
[BlackElo "1910"]
[PlyCount "98"]
[EventDate "2015.05.22"]
[EventType "swiss"]
[EventRounds "7"]
[EventCountry "GER"]
[SourceTitle "EXT 2016"]
[Source "ChessBase"]
[SourceDate "2015.10.08"]
[SourceVersion "1"]
[SourceVersionDate "2015.10.08"]
[SourceQuality "1"]

1. e4 c5 2. c3 Nf6 3. e5 Nd5 4. Nf3 d6 5. d4 cxd4 6. cxd4 e6 7. Nc3 Nxc3 8. bxc3 dxe5 9. Nxe5 Nd7 10. Qa4 Bd6 11. Bb5 f6 12. Nc4 Be7 13. Bf4 0-0 14. 0-0 a6 15. Bxd7 Bxd7 16. Qb3 b5 17. Ne3 Kh8 18. a3 Qb6 19. a4 Bd6 20. Bxd6 Qxd6 21. axb5 axb5 22. Rfd1 Rfd8 23. h3 Bc6 24. Nc2 Qd5 25. Qxd5 Bxd5 26. Ne3 Be4 27. f3 Bg6 28. h4 Kg8 29. g4 Rac8 30. h5 Be8 31. Ra3 Rd6 32. Kf2 Kf8 33. f4 h6 34. f5 exf5 35. Nxf5 Rd5 36. Ne3 Rg5 37. d5 Bd7 38. Rd4 Re5 39. Rd3 Ke8 40. d6 Rd8 41. Rd4 Kf8 42. Ng2 Rg5 43. Ne3 Rc5 44. Rd3 f5 45. gxf5 Bxf5 46. Rd4 Be6 47. Rf4+ Kg8 48. Rh4 Rxd6 49. Ra8+ Kh7 0-1

[Event "Hessen-ch op-A"]
[Site "Frankfurt Sossenheim"]
[Date "2015.??.??"]
[Round "3"]
[White "Diez, Gerhard"]
[Black "Mertens, Klaus"]
[Result "0-1"]
[WhiteElo "1994"]
[BlackElo "2058"]
[PlyCount "76"]
[EventDate "2015.05.13"]
[EventType "swiss"]
[EventRounds "7"]
[EventCountry "GER"]
[SourceTitle "EXT 2016"]
[Source "ChessBase"]
[SourceDate "2015.10.08"]
[SourceVersion "1"]
[SourceVersionDate "2015.10.08"]
[SourceQuality "1"]

1. e4 c5 2. Nf3 e6 3. Nc3 a6 4. d4 cxd4 5. Nxd4 Qc7 6. Bd3 Nf6 7. 0-0 Bc5 8. Nb3 Be7 9. f4 d6 10. Qf3 Nbd7 11. a4 b6 12. Bd2 Bb7 13. Rae1 g6 14. Qh3 h5 15. Kh1 Nc5 16. Nxc5 dxc5 17. b3 0-0-0 18. Nd5 Nxd5 19. exd5 Rxd5 20. Bc3 Rhd8 21. Bc4 Rf5 22. Qe3 Bd6 23. Qe2 Bxf4 24. Bxa6 Bxh2 25. Rxf5 gxf5 26. Bxb7+ Kxb7 27. Qxh5 Bg3 28. Qf3+ Ka7 29. Ra1 Be5 30. a5 b5 31. a6 Bxc3 32. Qxc3 Rd4 33. Qe1 Qc6 34. Kg1 Qe4 35. Qf2 Qf4 36. Qe2 Rd2 37. Qf3 Qxf3 38. gxf3 Rxc2 0-1

[Event "Eschborn op 11th"]
[Site "Eschborn"]
[Date "2014.09.06"]
[Round "2"]
[White "Diez, Gerhard"]
[Black "Diehl, Stefan"]
[Result "1/2-1/2"]
[WhiteElo "1903"]
[BlackElo "1744"]
[PlyCount "122"]
[EventDate "2014.09.05"]
[EventType "swiss"]
[EventRounds "5"]
[EventCountry "GER"]
[SourceTitle "EXT 2015"]
[Source "ChessBase"]
[SourceDate "2014.11.20"]
[SourceVersion "1"]
[SourceVersionDate "2014.11.20"]
[SourceQuality "1"]

1. e4 d5 2. exd5 Qxd5 3. Nc3 Qa5 4. Nf3 Nf6 5. Be2 Bf5 6. b4 Qb6 7. a4 Ne4 8. Nxe4 Bxe4 9. 0-0 Nd7 10. d3 Bg6 11. Be3 Qd6 12. Nd4 c6 13. f4 e5 14. Nb3 exf4 15. Rxf4 Qc7 16. h4 Bd6 17. Rf1 h6 18. h5 Bh7 19. Qd2 g5 20. hxg6 Bxg6 21. Bg4 0-0-0 22. a5 Kb8 23. Bxd7 Rxd7 24. Bf4 h5 25. Rae1 b6 26. Qf2 Bxf4 27. Qxf4 Qxf4 28. Rxf4 Rhd8 29. Kf2 Kc7 30. Re3 Rd5 31. g3 R8d7 32. Ke1 Kd8 33. Kd2 R7d6 34. Kc3 Kd7 35. Kd2 Re6 36. Rxe6 Kxe6 37. Nd4+ Kd7 38. axb6 axb6 39. Nf3 Rf5 40. Rxf5 Bxf5 41. Ne5+ Kd6 42. Nxf7+ Ke6 43. Ng5+ Ke5 44. Ke3 Bg4 45. Ne4 Bd1 46. c3 Bg4 47. Nd2 b5 48. Nf3+ Kf6 49. Nd4 Bd7 50. Kf4 Be8 51. Nf3 Bg6 52. Ne5 Be8 53. c4 bxc4 54. dxc4 Ke6 55. Ke4 Kf6 56. Kf4 Ke6 57. Nf3 Kf6 58. Nd4 Bf7 59. Nxc6 Bxc4 60. Nd4 Ke7 61. Kg5 Bf7 1/2-1/2

[Event "Hofheim Spring op-A 2nd"]
[Site "Hofheim"]
[Date "2014.04.26"]
[Round "8"]
[White "Hering, Sven"]
[Black "Diez, Gerhard"]
[Result "0-1"]
[WhiteElo "2022"]
[BlackElo "2024"]
[PlyCount "54"]
[EventDate "2014.04.22"]
[EventType "swiss"]
[EventRounds "9"]
[EventCountry "GER"]
[SourceTitle "CBM 160 Extra"]
[Source "ChessBase"]
[SourceDate "2014.07.01"]
[SourceVersion "1"]
[SourceVersionDate "2014.07.01"]
[SourceQuality "1"]

1. f4 e5 2. fxe5 d6 3. Nc3 dxe5 4. Nf3 Nc6 5. e4 Bd6 6. Bb5 Nge7 7. 0-0 0-0 8. d3 Bg4 9. Bg5 Qc8 10. Qd2 f6 11. Be3 Kh8 12. Rf2 f5 13. exf5 Nxf5 14. Bxc6 bxc6 15. Raf1 Qb7 16. Na4 Nxe3 17. Qxe3 Qb5 18. b3 e4 19. Nc3 Qh5 20. Nxe4 Bf4 21. Qd4 Rfd8 22. Qc4 Be3 23. Kh1 Bxf2 24. Nfg5 Rf8 25. Qxc6 Rae8 26. Qd5 Be6 27. Qe5 Qe2 0-1

[Event "Hofheim Spring op-A 2nd"]
[Site "Hofheim"]
[Date "2014.04.25"]
[Round "6"]
[White "Hahn, Florian"]
[Black "Diez, Gerhard"]
[Result "0-1"]
[WhiteElo "2116"]
[BlackElo "2024"]
[PlyCount "108"]
[EventDate "2014.04.22"]
[EventType "swiss"]
[EventRounds "9"]
[EventCountry "GER"]
[SourceTitle "CBM 160 Extra"]
[Source "ChessBase"]
[SourceDate "2014.07.01"]
[SourceVersion "1"]
[SourceVersionDate "2014.07.01"]
[SourceQuality "1"]

1. d4 Nf6 2. c4 e6 3. g3 c5 4. d5 exd5 5. cxd5 d6 6. Nc3 g6 7. Bg2 Bg7 8. Nf3 0-0 9. 0-0 a6 10. a4 Re8 11. Nd2 Nbd7 12. a5 Qc7 13. Nc4 b5 14. axb6 Nxb6 15. Na5 Bf5 16. f3 Bd7 17. e4 Nh5 18. f4 Bd4+ 19. Kh1 Qc8 20. f5 Be5 21. Qf3 Kh8 22. Bg5 f6 23. Bd2 Ng7 24. g4 Rg8 25. h4 Ne8 26. Rf2 Ng7 27. Bf4 Ne8 28. Bf1 Ra7 29. Be2 Bxf4 30. Qxf4 g5 31. Qg3 Rg7 32. Rh2 Qa8 33. Kg2 Kg8 34. Rah1 Bb5 35. hxg5 Rxg5 36. Rh3 Rag7 37. Kf3 Nd7 38. Qe1 Ne5+ 39. Kf2 Qa7 40. Kf1 Bxe2+ 41. Nxe2 Nxg4 42. Nc6 Qb7 43. Qc3 Qb6 44. Rg1 Qb5 45. Ke1 Qa4 46. b4 cxb4 47. Qxb4 Qa1+ 48. Kd2 Qa2+ 49. Ke1 Ne5 50. Rxg5 Nd3+ 51. Kd1 Nxb4 52. Rxg7+ Kxg7 53. Ncd4 Nc7 54. Ke1 Nc2+ 0-1

[Event "Hofheim Spring op-A 2nd"]
[Site "Hofheim"]
[Date "2014.04.23"]
[Round "3"]
[White "Halt, David"]
[Black "Diez, Gerhard"]
[Result "1-0"]
[WhiteElo "2113"]
[BlackElo "2024"]
[PlyCount "119"]
[EventDate "2014.04.22"]
[EventType "swiss"]
[EventRounds "9"]
[EventCountry "GER"]
[SourceTitle "CBM 160 Extra"]
[Source "ChessBase"]
[SourceDate "2014.07.01"]
[SourceVersion "1"]
[SourceVersionDate "2014.07.01"]
[SourceQuality "1"]

1. e4 e5 2. Nf3 Nc6 3. Bb5 a6 4. Bxc6 dxc6 5. 0-0 Qe7 6. d4 exd4 7. Qxd4 Bg4 8. Nbd2 Qc5 9. Qe5+ Qxe5 10. Nxe5 Be6 11. Ndf3 Bd6 12. Nd3 Be7 13. b3 Nf6 14. Re1 0-0 15. Bf4 Rac8 16. Rad1 Rfd8 17. h3 h6 18. Be5 Ne8 19. Rd2 c5 20. Red1 c4 21. Nf4 cxb3 22. axb3 Rxd2 23. Rxd2 Nd6 24. Nxe6 fxe6 25. Bxd6 cxd6 26. c4 Rd8 27. Kf1 Kf7 28. Ke2 Bf6 29. g4 Ke7 30. Ke3 Bg5+ 31. Nxg5 hxg5 32. Kf3 Rc8 33. Ra2 Kf6 34. Ra5 Rc5 35. Ra1 Ke5 36. Ke3 d5 37. exd5 exd5 38. Kd3 dxc4+ 39. bxc4 Kf4 40. Kd4 Re5 41. Rb1 Re7 42. Rb3 Rd7+ 43. Kc5 Ke5 44. Rf3 g6 45. Re3+ Kf6 46. Kb6 Kg7 47. c5 Rf7 48. Re8 a5 49. Kxa5 Rc7 50. Kb5 Kf7 51. Re5 Kf6 52. Rd5 Re7 53. Kb6 Rf7 54. Rd8 Kg7 55. Rb8 Kh6 56. Rxb7 Rf6+ 57. Kb5 Rxf2 58. Rb6 Rf3 59. c6 Rc3 60. Ka6 1-0

[Event "Wiesbaden op 25th"]
[Site "Wiesbaden"]
[Date "2013.08.25"]
[Round "6"]
[White "Friesen, Viktor"]
[Black "Diez, Gerhard"]
[Result "1-0"]
[WhiteElo "2131"]
[BlackElo "2002"]
[PlyCount "81"]
[EventDate "2013.08.22"]
[EventType "swiss"]
[EventRounds "7"]
[EventCountry "GER"]
[SourceTitle "CBM 156 Extra"]
[Source "ChessBase"]
[SourceDate "2013.10.22"]
[SourceVersion "1"]
[SourceVersionDate "2013.10.22"]
[SourceQuality "1"]

1. Nf3 d5 2. d4 Bg4 3. g3 e6 4. Bg2 c6 5. 0-0 Nd7 6. c4 Be7 7. Bf4 Ngf6 8. Nc3 0-0 9. Qb3 Nh5 10. Qxb7 Nxf4 11. gxf4 Bxf3 12. Bxf3 Bf6 13. e3 c5 14. cxd5 Rb8 15. Qxa7 cxd4 16. exd4 Rb4 17. Rfd1 Nb6 18. Qa3 Be7 19. b3 Qd6 20. Qc1 exd5 21. Qe3 Bf6 22. Rab1 Qd7 23. f5 Re8 24. Qf4 Be5 25. Qg4 h5 26. Qxh5 Rxd4 27. Ne2 Rxd1+ 28. Rxd1 d4 29. Qg5 d3 30. Ng3 Nd5 31. Bxd5 Bf6 32. Qg4 Qxd5 33. Qc4 Qf3 34. Rxd3 Re1+ 35. Nf1 Qe2 36. Qc8+ Qe8 37. Qxe8+ Rxe8 38. Ne3 Re4 39. Kg2 Be5 40. h3 Rf4 41. a4 1-0

[Event "Wiesbaden op 25th"]
[Site "Wiesbaden"]
[Date "2013.08.24"]
[Round "5"]
[White "Diez, Gerhard"]
[Black "Fucik, Timo"]
[Result "1/2-1/2"]
[WhiteElo "2002"]
[BlackElo "2057"]
[PlyCount "140"]
[EventDate "2013.08.22"]
[EventType "swiss"]
[EventRounds "7"]
[EventCountry "GER"]
[SourceTitle "CBM 156 Extra"]
[Source "ChessBase"]
[SourceDate "2013.10.22"]
[SourceVersion "1"]
[SourceVersionDate "2013.10.22"]
[SourceQuality "1"]

1. e4 c5 2. Nf3 d6 3. d4 cxd4 4. Nxd4 Nf6 5. Nc3 a6 6. h3 b5 7. Nd5 e6 8. Nxf6+ Qxf6 9. g4 Bb7 10. Bg2 Nd7 11. g5 Qd8 12. 0-0 Be7 13. f4 Nc5 14. Qe2 d5 15. e5 Ne4 16. Kh2 g6 17. Be3 Qc7 18. Rad1 h6 19. gxh6 Bf8 20. Qg4 Qe7 21. Bxe4 dxe4 22. f5 exf5 23. Rxf5 Bxh6 24. e6 gxf5 25. Nxf5 Qc7+ 26. Kh1 Rd8 27. Nxh6 Rxd1+ 28. Qxd1 Rxh6 29. Qd7+ Qxd7 30. exd7+ Kxd7 31. Bxh6 Ke6 32. Kg1 Bd5 33. a3 Ke5 34. Kf2 Be6 35. h4 Bg4 36. Ke3 Bf3 37. Bg7+ Kf5 38. a4 bxa4 39. c4 Ke6 40. h5 Bxh5 41. Kxe4 Kd6 42. Kd4 Bf3 43. Be5+ Kc6 44. Bf6 Bg4 45. Kc3 Be6 46. Kd4 Kb6 47. Bd8+ Kc6 48. Bf6 Bg4 49. Kc3 Kd6 50. Kb4 Ke6 51. Bd4 Be2 52. Kxa4 Bxc4 53. Kb4 Kd5 54. Bf6 Ke6 55. Bd4 Kd5 56. Bf6 Bb5 57. Kc3 Ke6 58. Bh4 Ke5 59. Kd2 f5 60. Ke3 f4+ 61. Kf2 Bc4 62. Bd8 Ke4 63. Bf6 a5 64. Bg7 a4 65. Bh8 Bd5 66. Bg7 Kd3 67. Bf6 Kc2 68. Bg7 Kb3 69. Bf6 a3 70. bxa3 Kxa3 1/2-1/2

[Event "Wiesbaden op 25th"]
[Site "Wiesbaden"]
[Date "2013.08.24"]
[Round "4"]
[White "Schellen, Sven"]
[Black "Diez, Gerhard"]
[Result "0-1"]
[WhiteElo "1805"]
[BlackElo "1996"]
[PlyCount "42"]
[EventDate "2013.08.22"]
[EventType "swiss"]
[EventRounds "7"]
[EventCountry "GER"]
[SourceTitle "EXT 2014"]
[Source "ChessBase"]
[SourceDate "2013.11.20"]
[SourceVersion "1"]
[SourceVersionDate "2013.11.20"]
[SourceQuality "1"]

1. d4 Nf6 2. c4 e6 3. g3 d5 4. Bg2 dxc4 5. Qa4+ Bd7 6. Qxc4 Nc6 7. Nf3 Rc8 8. 0-0 Na5 9. Qc2 c5 10. Qd1 Bc6 11. dxc5 Bxc5 12. Bd2 Nc4 13. Bc3 0-0 14. Qc2 h6 15. Bxf6 Qxf6 16. Qxc4 Bxf3 17. Qc3 Bxe2 18. Qxf6 gxf6 19. Re1 Ba6 20. Re4 f5 21. Rh4 Be7 0-1

[Event "Wiesbaden op 25th"]
[Site "Wiesbaden"]
[Date "2013.08.23"]
[Round "3"]
[White "Diez, Gerhard"]
[Black "Goebel, Knut"]
[Result "1/2-1/2"]
[WhiteElo "1996"]
[BlackElo "1766"]
[PlyCount "72"]
[EventDate "2013.08.22"]
[EventType "swiss"]
[EventRounds "7"]
[EventCountry "GER"]
[SourceTitle "EXT 2014"]
[Source "ChessBase"]
[SourceDate "2013.11.20"]
[SourceVersion "1"]
[SourceVersionDate "2013.11.20"]
[SourceQuality "1"]

1. e4 c6 2. d4 d5 3. exd5 cxd5 4. c4 Nf6 5. Nc3 Nc6 6. Bg5 dxc4 7. d5 Ne5 8. Qd4 h6 9. Bh4 Ned7 10. Bxc4 Nb6 11. Bxf6 exf6 12. Bb5+ Bd7 13. Nf3 Bd6 14. 0-0 0-0 15. Rfe1 Rc8 16. Bd3 Re8 17. Rxe8+ Qxe8 18. Re1 Qd8 19. Ne4 Bb8 20. Nc5 Qc7 21. b4 Qf4 22. a3 Be5 23. Qe4 Qxe4 24. Bxe4 Bb2 25. Nxd7 Nxd7 26. Bf5 Rd8 27. a4 Ne5 28. Be4 b6 29. Rd1 Nxf3+ 30. Bxf3 Be5 31. Rc1 Bd6 32. Rc4 g6 33. Kf1 Re8 34. g3 Kf8 35. Be2 h5 36. f4 f5 1/2-1/2